• 首页
  • 本馆介绍
  • 公告通知
  • 最新文献
  • 馆藏检索
  • 电子资源
  • 读者导购
  • 参考咨询
  • 我的图书馆
  • 登录
  • 详细信息显示
  • 放入我的书架
  • 预约/预借图书
  • 作者相关作品
  • 分类相关作品
  • 丛书相关作品
  • 出版社相关作品

书目信息

  • 表格格式
  • 工作单格式
  • 卡片格式
题名:
面包板电子制作130例
    
 
作者: 王晓鹏 编
分册:  
出版信息: 北京   化学工业出版社  2019重印
页数: 223页
开本: 24cm
丛书名:
单 册:
中图分类: TN-49
科图分类:
主题词: 电子器件--dian zi qi jian--制作
电子资源:
ISBN: 978-7-122-24759-9
000 00868nam0 2200265 45
001 012001000348
005 20140105172605.0
010    @a978-7-122-24759-9@dCNY58.00
099    @aCAL 012015148801
100    @a20151016d2015 em y0chiy50 ea
101 0  @achi
102    @aCN@b110000
105    @aak a 000yy
106    @ar
200 1  @a面包板电子制作130例@Amian bao ban dian zi zhi zuo 130 li@f王晓鹏编
210    @a北京@c化学工业出版社@d2019重印
215    @a223页@c图@d24cm
300    @a全彩印刷
320    @a有书目
330    @a本书包括元器件基础、分立元件实验篇、555集成电路实验篇、数字电路实验篇四部分内容, 共130个实验案例, 每个案例都有原理简介、原理图和装配图。
606 0  @a电子器件@Adian zi qi jian@x制作
690    @aTN-49@v5
701  0 @a王晓鹏@Awang xiao peng@4编
801  0 @aCN@b北京卓展文化@c20191020
905    @b1200295-8@dTN-49@e889@f4
    
    面包板电子制作130例/王晓鹏编.-北京:化学工业出版社,2019重印
    223页:图;24cm
    全彩印刷
    
    ISBN 978-7-122-24759-9:CNY58.00
    本书包括元器件基础、分立元件实验篇、555集成电路实验篇、数字电路实验篇四部分内容, 共130个实验案例, 每个案例都有原理简介、原理图和装配图。
●
相关链接 在E读中查询图书 在五车中查询图书 在当当中查询图书 在豆瓣中查询图书


正题名:面包板电子制作130例     索取号:TN-49/889         预约/预借

序号 登录号 条形码 馆藏地/架位号 状态 备注
1 1200295   212002955   第二样本阅览室/ [索取号:TN-49/889] 在馆    
2 1200296   212002964   第三借阅区/ [索取号:TN-49/889] 在馆    
3 1200297   212002973   第三借阅区/ [索取号:TN-49/889] 在馆    
4 1200298   212002982   第三借阅区/ [索取号:TN-49/889] 在馆    
唐山师范学院图书馆 欢迎您!
大连网信软件有限公司© 版权所有